00523nam a2200205Ia 4500003000400000005001700004008004100021020001400062040000700076041001200083082001900095100002300114245004700137260003900184300001700223365001400240650001800254650002000272700002500292OSt20250926185354.0210423s2006 xx 000 0 und d a761929186 cAL aEnglish a305.3014bKROG aCharlotte Krolokke aGender communication theories and analyses aNew DelhibSage Publicationsc2006 axiii,193bPB b1991cINR aSocial Groups aSocial Sciences aSorensen, Anne Scott